| 000 | 00361nam a22001457a 4500 | ||
|---|---|---|---|
| 003 | SGT | ||
| 020 | _a9789351291145 | ||
| 082 |
_a332.64 _bPAR |
||
| 100 | _aPAREKH SANDEEP | ||
| 245 | _aFRAUD MANIPULATION AND INSIDER TRADING IN THE INDIAN SECURITIES MARKETS | ||
| 250 | _a1 | ||
| 260 |
_aGURGAON _bCCH WOLTER KLUWER _c2014 |
||
| 300 | _a322 | ||
| 942 |
_2ddc _cBK |
||
| 999 |
_c25514 _d25514 |
||